Kid (Eddy de Pretto) - Paroles - Statistiques

Statistiques générales
  • Ce quiz a été pris 1 505 fois
    933 depuis la dernière actualisation
  • Le résultat moyen est 196 sur 305
Statistiques - réponses
Paroles % Correct
kid
99%
mon
99%
se
99%
Tu
99%
tu
99%
seras
98%
viril,
97%
à
96%
l'
94%
j'
93%
Je
93%
je
93%
n'
93%
d'
91%
au
87%
de
87%
et
87%
Et
87%
le
87%
les
85%
veux
85%
voir
85%
qu'
84%
te
83%
ce
82%
aucune
81%
Pour
79%
pour
79%
Que
79%
que
79%
ne
77%
ta
77%
ton
74%
des
73%
tes
73%
sur
72%
ces
71%
tout
71%
larme
70%
moi,
69%
joue
68%
pas
68%
Virilité
68%
filles.
67%
Mais
67%
mais
67%
abusive.
66%
avec
66%
corps
66%
qui
66%
féminine
63%
chibre.
62%
en
62%
once
61%
sculpté
61%
héroïque
59%
cette
58%
disparaissent.
57%
glisser
56%
Ni
56%
ni
56%
une
55%
cessent
53%
gueule
53%
propos
52%
tous
52%
gestes
50%
rides,
49%
dire
48%
mère
48%
quelques
48%
sait
48%
vocalises.
48%
dans
47%
Dieu
47%
même
47%
atteindre
46%
castrer
46%
sommets
46%
veulent
46%
accélèrerai
45%
comme
45%
garçons
45%
noircir
45%
seule
45%
sont
45%
venir
45%
ballon
44%
fantastiques
44%
pires
44%
pourrait
44%
rêverie
44%
si
44%
airs,
43%
Apollon
43%
dames
43%
surpasser
43%
vers
43%
héros
42%
prône
42%
roses,
42%
force
41%
par
41%
petit
41%
sexe
41%
faibles.
40%
héritage
40%
posture
40%
contrées
39%
elle
39%
sous
39%
teint
39%
caïd,
38%
historique.
38%
mains
38%
pâle
38%
triomphant
38%
allure
37%
champion
37%
dominante,
37%
nous
37%
toi
37%
bagarres
36%
d'viendras
36%
jamais.
36%
tiendras
36%
Achille.
35%
femmes
35%
iconique
35%
mépriser
35%
physique,
35%
courras
34%
glorieux
34%
Loin
34%
mental,
34%
forger
33%
gaillards.
33%
masculine
33%
archaïque.
32%
dirigent
32%
être
32%
famille,
32%
fier
32%
invulnérable
32%
jouiras
32%
brilleras
31%
étincelle.
31%
finesses
31%
puissance
31%
tactiques.
31%
fidèle
30%
modèle
30%
néfastes
30%
abondance,
29%
croiseras
29%
fatigue
29%
féminisent,
29%
sens,
29%
balance
28%
pieds,
28%
billets
27%
messie
26%
prétexte
26%
sans
26%
protéiné.
25%
hisseras
24%
chair,
23%
contrer
23%
essence
23%
fleurissent
23%
sensible
23%
nerf
21%
rude
21%
groguisent
20%
manière,
20%
compteras
19%
cracheras,
18%
dopé
18%
Toutes
16%
eux
14%
régime
13%
défileras
10%
Aucun quiz correspondant
Distribution des résultats
% des personnes avec chaque résultat
Percentile par nombre de réponses
Votre historique - résultats
Vous n’avez pas pris ce quiz depuis la dernière actualisation